000 00749nam a2200205Ia 4500
003 GCL
008 140319s9999 xx 000 0 ara d
020 _a4006422977
040 _aGCL /
_cGCL
082 0 4 _a658.022
_bأ إ
100 1 _aايمن على عمر
245 1 0 _aادارة المشروعات الصغيرة :
_bمدخل بيئى مقارن /
_cايمن على عمر
260 _aالقاهرة :
_bالدار الجامعية ،
_c2007
300 _a372 ص ؛
_c24 سم
650 0 4 _aالمشروعات الصغيرة
650 0 4 _aالمشروعات الصغيرة - تنظيم وادارة
650 0 4 _aالمشروعات الصغيرة - مصر
650 0 4 _aالمشروعات الصغيرة - تقييم
942 _2ddc
_cBK
999 _c9250
_d9250